Family, school and society : a reader

Αποθηκεύτηκε σε:
Λεπτομέρειες βιβλιογραφικής εγγραφής
Κύριος συγγραφέας: Woodhead, Martin
Άλλοι συγγραφείς: McGrath, Andrea
Μορφή: Βιβλίο
Γλώσσα:English
Δημοσίευση: London : Hodder & Stoughton, 1988
Θέματα:
Ετικέτες: Προσθήκη ετικέτας
Δεν υπάρχουν, Καταχωρήστε ετικέτα πρώτοι!

MARC

LEADER 00000nam a2200000 i 4500
001 1/89624
008 970609s1988 eng d
020 |a 0-340-49004-7 
035 |a 1995  |b 3  |c Καϊλα  |l 10035793 
040 |a GR-MY-UA  |b gre  |e aacr 
041 0 |a eng 
082 0 |a 370.1931 
100 1 |a Woodhead, Martin. 
245 1 0 |a Family, school and society :  |b a reader /  |c edited by Martin Woodhead, Andrea McGrath 
260 |a London :   |b Hodder & Stoughton,   |c 1988 
300 |a 343 p. 
650 0 0 |a Parent-teacher relationships  |z Great Britain. 
650 0 0 |a Community and school  |z Great Britain. 
650 0 0 |a Educational sociology  |z Great Britain. 
650 0 0 |a Home and school  |z Great Britain. 
700 1 |a McGrath, Andrea. 
852 |a INST  |b RHODES  |e 19970609  |h 370.1931 WOO  |p 005400011625  |q 005400011625  |t BK  |y 0 
852 |a INST  |b RHODES  |e 19991111  |h 370.1931 WOO  |p 005400015117  |q 005400015117  |t BK  |y 0 
909 |a Ρ  |b 043577  |c 1995 
909 |a Ρ  |b 065680  |c 1999 
922 |a 4ΕΛΗ  |b 199905  |c ΚΠΣ/154  |d LEADER BOOKS 
970 |a ΚΟΥΛΑΚΙΟΤΗ  |b ΛΙΤΣΑ  |z 1999/11/11